| 000 -LEADER |
| fixed length control field |
01018nam a22002177a 4500 |
| 005 - DATE AND TIME OF LATEST TRANSACTION |
| control field |
20230410112305.0 |
| 008 - FIXED-LENGTH DATA ELEMENTS--GENERAL INFORMATION |
| fixed length control field |
230410b ||||| |||| 00| 0 eng d |
| 020 ## - INTERNATIONAL STANDARD BOOK NUMBER |
| International Standard Book Number |
9780603570261 |
| 040 ## - CATALOGING SOURCE |
| Transcribing agency |
KH8 |
| 082 ## - DEWEY DECIMAL CLASSIFICATION NUMBER |
| Edition number |
823.912 BLY |
| 100 ## - MAIN ENTRY--PERSONAL NAME |
| Personal name |
Blyton, Enid; |
| Relator term |
Author |
| 245 ## - TITLE STATEMENT |
| Title |
Amelia Jane is naughty again! / |
| Statement of responsibility, etc. |
Enid Blyton |
| 260 ## - PUBLICATION, DISTRIBUTION, ETC. |
| Place of publication, distribution, etc. |
London, |
| Name of publisher, distributor, etc. |
Egmont Books, |
| Date of publication, distribution, etc. |
2001 |
| 300 ## - PHYSICAL DESCRIPTION |
| Extent |
118 p : |
| Other physical details |
illustraties ; |
| Dimensions |
20 cm |
| 500 ## - GENERAL NOTE |
| General note |
<br/>Originally published as part of: More about Amelia Jane! London : Newnes, 1954 |
| 520 ## - SUMMARY, ETC. |
| Summary, etc. |
New editions, with new illustrations and new format, of all four Amelia Jane titles. Amelia Jane is big, bad and the terror of the toy cupboard! In this book, Amelia Jane plays all sorts of tricks on the toys. She steals the teddy bear's necklace, causes chaos with a boomerang. Can the toys teach her a lesson? |
| 650 ## - SUBJECT ADDED ENTRY--TOPICAL TERM |
| Topical term or geographic name entry element |
Amelia Jane (Fictitious character) |
| 650 ## - SUBJECT ADDED ENTRY--TOPICAL TERM |
| Topical term or geographic name entry element |
Amelia Jane (Fictitious character) |
| Form subdivision |
Juvenile fiction |
| 650 ## - SUBJECT ADDED ENTRY--TOPICAL TERM |
| Topical term or geographic name entry element |
Children's fiction |
| 942 ## - ADDED ENTRY ELEMENTS (KOHA) |
| Source of classification or shelving scheme |
|
| Koha item type |
Books - Non Ficton |